000 00301nam a2200109Ia 4500
008 200302s9999 xx 000 0 und d
100 _aRashmi Bansal and Other
245 _aWhat we saw in Dharavi and why it Matters Poor Little Rech Slum
260 _bWestland Lit.,
260 _c2012
300 _a189 P.
999 _c4062
_d4062